Oscar Wining Actresses-Sudden Death - Statistics

General Stats
  • This quiz has been taken 126 times
  • The average score is 9 of 20
Answers on the Grid
Answers color-coded by a green-red scale on the quiz's grid according to % correct below.
Mikey Madison
Meryl Streep
Charlize Theron
Amy Adams
Florence Pugh
Glenn Close
Angela Bassett
Julia Roberts
Scarlett Johansson
Emma Thompson
Helena Bonham
Kate Winslet
Nicole Kidman
Gwyneth Paltrow
Michelle Pfeiffer
Emily Blunt
Laura Linney
Cate Blanchett
Susan Sarandon
Winona Ryder
Michelle Yeoh
Saoirse Ronan
Jodie Foster
Emma Stone
Naomi Watts
Keira Knightley
Halle Berry
Margot Robbie
Rachel McAdams
Sarah Paulson
Hailee Steinfeld
Sandra Bullock
Jennifer Lawrence
Joan Cusack
Natalie Portman
Catherine O'Hara
Julie Walters
Olivia Colman
Reese Witherspoon
Brie Larson
 
Answer Stats
Answer % Correct
Meryl Streep
86%
Charlize Theron
65%
Mikey Madison
58%
Julia Roberts
55%
Kate Winslet
52%
Jodie Foster
44%
Nicole Kidman
44%
Cate Blanchett
42%
Emma Stone
42%
Gwyneth Paltrow
42%
Jennifer Lawrence
42%
Michelle Yeoh
42%
Natalie Portman
42%
Brie Larson
39%
Emma Thompson
39%
Olivia Colman
38%
Sandra Bullock
38%
Halle Berry
37%
Reese Witherspoon
35%
Susan Sarandon
34%
No matching quizzes found
Score Distribution
Percent of People with Each Score
Percentile by Number Answered
Your Score History
You have not taken this quiz